000 00269nam a22001097a 4500
020 _a978-0593516898
082 _a378.1662
_bDIG
245 _aDigital SAT Prep, 2024: 3 Practice Tests /
260 _bPrinceton Review,
_c2023.
300 _axv,596p. ;
942 _2ddc
_cBK
999 _c615030
_d615030